| 000 | 01122cam a2200301 i 4500 | ||
|---|---|---|---|
| 999 |
_c37350 _d37350 |
||
| 001 | 37350 | ||
| 003 | Mx-PuUPA | ||
| 005 | 20240410103800.0 | ||
| 008 | 140415s1984 mx r 000 0 spa d | ||
| 020 | _a9682604885 | ||
| 040 |
_aMX-PuUPA _bspa _erda _cMx-PuUPA _dMx-PuUPA |
||
| 041 | 1 |
_aspa _heng |
|
| 100 | 1 |
_aStobaugh, Robert B. _eautor _95523 |
|
| 240 | 1 | 0 |
_aEnergy future. _lEspañol |
| 245 | 1 | 0 |
_aEnergía del futuro : _binforme del proyecto de energía de la escuela de Administración de Harvard / _ceditores, Robert Stobaugh, Daniel Yergin ; María de los Ángeles Murueta Peña. |
| 250 | _aPrimera edición | ||
| 264 | 1 |
_aMéxico, D.F. : _bCompañia Editorial Continental, _c1984 |
|
| 300 |
_a438 páginas ; _c23 cm. |
||
| 336 |
_atexto _2rdacontent _btxt |
||
| 337 |
_asin medio _2rdamedia _bn |
||
| 338 |
_avolumen _2rdacarrier _bnc |
||
| 650 | 4 |
_aEnergía _xPetroleo |
|
| 700 | 1 |
_aYergin, Daniel, _eeditor |
|
| 700 | 1 |
_aMurueta Peña, María de los Ángeles, _etraductor |
|
| 765 | 0 | 8 |
_aStobaugh, Robert B. _tEnergy future |
| 942 |
_2ddc _cLI _h333.793 _iS863 |
||